Race and crime
| Autor principal: | |
|---|---|
| Otros Autores: | |
| Tipo de documento: | Print Libro |
| Lenguaje: | Inglés |
| Publicado: |
Los Angeles London New Delhi Singapore Washington, DC Melbourne
SAGE
[2019]
|
| En: | Año: 2019 |
| Edición: | Fifth edition |
| Acceso en línea: |
Índice Texto de la solapa |
| Disponibilidad en Tübingen: | Disponible en Tübingen. UB: KB 20 A 9984 |
| Verificar disponibilidad: | HBZ Gateway |
| Servicio de pedido Subito: | Pedir ahora. |
| Palabras clave: |
MARC
| LEADER | 00000cam a2200000 c 4500 | ||
|---|---|---|---|
| 001 | 1645214419 | ||
| 003 | DE-627 | ||
| 005 | 20251225204839.0 | ||
| 007 | tu | ||
| 008 | 181218s2019 xxk||||| 00| ||eng c | ||
| 020 | |a 9781544334233 |9 978-1-5443-3423-3 | ||
| 035 | |a (DE-627)1645214419 | ||
| 035 | |a (DE-576)515630217 | ||
| 035 | |a (DE-599)BSZ515630217 | ||
| 035 | |a (OCoLC)1080876887 | ||
| 035 | |a (OCoLC)1080876887 | ||
| 040 | |a DE-627 |b ger |c DE-627 |e rda | ||
| 041 | |a eng | ||
| 044 | |c XA-GB | ||
| 082 | 0 | |a 364.973089 | |
| 084 | |a 2,1 |2 ssgn | ||
| 084 | |a AAC |q DE-7 |2 fid | ||
| 084 | |a PH 6405 |2 rvk |0 (DE-625)rvk/136436:406 | ||
| 084 | |a 71.62 |2 bkl | ||
| 084 | |a 71.65 |2 bkl | ||
| 100 | 1 | |a Gabbidon, Shaun L. |d 1967- |0 (DE-588)132991640 |0 (DE-627)53007611X |0 (DE-576)176157972 |4 aut | |
| 109 | |a Gabbidon, Shaun L. 1967- | ||
| 245 | 1 | 0 | |a Race and crime |c Shaun L. Gabbidon (Penn State Harrisburg), Helen Taylor Greene (Texas Southern University) |
| 246 | 3 | 3 | |a Race & crime |
| 250 | |a Fifth edition | ||
| 264 | 1 | |a Los Angeles |a London |a New Delhi |a Singapore |a Washington, DC |a Melbourne |b SAGE |c [2019] | |
| 264 | 4 | |c © 2019 | |
| 300 | |a xxiii, 459 Seiten | ||
| 336 | |a Text |b txt |2 rdacontent | ||
| 337 | |a ohne Hilfsmittel zu benutzen |b n |2 rdamedia | ||
| 338 | |a Band |b nc |2 rdacarrier | ||
| 500 | |a "Revised edition" | ||
| 500 | |a Includes bibliographical references and index | ||
| 583 | 1 | |a Archivierung/Langzeitarchivierung gewährleistet |f SSG |x XA-DE-BW |2 pdager |5 DE-21 | |
| 650 | 4 | |a Crime and race |x United States | |
| 650 | 4 | |a Criminal justice, Administration of |x United States | |
| 650 | 4 | |a Discrimination in criminal justice administration |x United States | |
| 650 | 4 | |a Minorities |x United States | |
| 689 | 0 | 0 | |d g |0 (DE-588)4078704-7 |0 (DE-627)106076612 |0 (DE-576)209209682 |a USA |2 gnd |
| 689 | 0 | 1 | |d s |0 (DE-588)4183472-0 |0 (DE-627)105302465 |0 (DE-576)210018860 |a Strafjustiz |2 gnd |
| 689 | 0 | 2 | |d s |0 (DE-588)4048442-7 |0 (DE-627)104571756 |0 (DE-576)209077883 |a Rassendiskriminierung |2 gnd |
| 689 | 0 | |5 (DE-627) | |
| 700 | 1 | |a Greene, Helen Taylor |d 1949- |0 (DE-588)1013773853 |0 (DE-627)664943160 |0 (DE-576)183121287 |4 oth | |
| 856 | 4 | 2 | |u https://swbplus.bsz-bw.de/bsz1645214419inh.htm |m V:DE-576;B:DE-21 |q application/pdf |v 20190605154421 |3 Inhaltsverzeichnis |7 1 |
| 856 | 4 | 2 | |u https://swbplus.bsz-bw.de/bsz1645214419kla.htm |m V:DE-576;B:DE-21 |q application/pdf |v 20190605154421 |3 Klappentext |7 1 |
| 936 | r | v | |a PH 6405 |b Strafverfahrensrecht, Strafvollzug, Gesetzgebungsmaterialien und -entwürfe zum Strafverfahrensrecht und Strafvollzug |k Rechtswissenschaft |k Strafrecht, Strafverfahrensrecht, Kriminologie |k Vergleichendes und ausländisches Straf- und Strafprozessrecht einschliesslich Strafvollzug |k Ausländisches Recht - Einzelne Länder |k Amerika |k Nordamerika |k USA |k Strafverfahrensrecht, Strafvollzug, Gesetzgebungsmaterialien und -entwürfe zum Strafverfahrensrecht und Strafvollzug |0 (DE-627)1271952823 |0 (DE-625)rvk/136436:406 |0 (DE-576)201952823 |
| 936 | b | k | |a 71.62 |j Ethnische Beziehungen |0 (DE-627)106410423 |
| 936 | b | k | |a 71.65 |j Kriminalität als soziales Problem |0 (DE-627)106412248 |
| 951 | |a BO | ||
| ELC | |b 1 | ||
| LOK | |0 000 xxxxxcx a22 zn 4500 | ||
| LOK | |0 001 3313208932 | ||
| LOK | |0 003 DE-627 | ||
| LOK | |0 004 1645214419 | ||
| LOK | |0 005 20190311153651 | ||
| LOK | |0 008 181218||||||||||||||||ger||||||| | ||
| LOK | |0 040 |a DE-21 |c DE-627 |d DE-21 | ||
| LOK | |0 852 |a DE-21 | ||
| LOK | |0 852 1 |c KB 20 A 9984 |9 00 | ||
| LOK | |0 935 |a krim | ||
| LOK | |0 938 |a 1903 |f 34 | ||
| LOK | |0 939 |a 18-12-18 |b l01 | ||
| ORI | |a SA-MARC-krimdoka001.raw | ||
| SIG | |a UB: KB 20 A 9984 | ||
